000 00640nam a2200217Ia 4500
003 GCL
008 140319s9999 xx 000 0 ara d
040 _aGCL /
_cGCL
082 0 4 _a811.9
_bح ش
100 1 _aحلمى على مرزوق
245 1 0 _aشوقى و قضايا العصر و الحضارة /
_cحلمى على مرزوق
300 _a356 ص
490 _a
650 0 4 _aالشعر العربى
650 0 4 _aالادب العربى
650 0 4 _aالشعراء العرب
650 0 4 _aالشعر العاطفى
650 0 4 _aاحمد شوقى
650 0 4 _aالادباء العرب - تراجم
942 _2ddc
_cBK
999 _c39570
_d39570